[Event "HZ Open"]
[Site "Vlissingen NED"]
[Date "2000.07.30"]
[Round "4"]
[White "Psakhis,L"]
[Black "Middelburg,T"]
[Result "1-0"]
[WhiteElo "2611"]
[BlackElo "2328"]

1.c4 Nf6 2.Nc3 c6 3.e4 e5 4.Nf3 d6 5.d4 Nbd7 6.Be2 Qc7 7.O-O g6 8.Be3 Bg7
9.d5 O-O 10.Nd2 a6 11.Re1 Ne8 12.b4 f5 13.f3 c5 14.a3 f4 15.Bf2 h5 16.Qa4 g5
17.Nb3 b6 18.Qc6 Qa7 19.Na4 Rf7 20.Nxb6 Bb7 21.Nxd7 Bxc6 22.dxc6 Rc8 23.b5 Rxd7
24.b6  1-0

[Event "3rd Int"]
[Site "Torshavn FAI"]
[Date "2000.10.07"]
[Round "2"]
[White "Psakhis,L"]
[Black "Danielsen,Hen"]
[Result "1-0"]
[WhiteElo "2611"]
[BlackElo "2519"]

1.c4 f5 2.Nc3 Nf6 3.g3 d6 4.Bg2 g6 5.d3 Bg7 6.e4 Nc6 7.Nge2 O-O 8.O-O e5
9.Nd5 Be6 10.Bg5 Qd7 11.Qd2 Rf7 12.f3 Raf8 13.Rac1 fxe4 14.dxe4 Ne8 15.Be3 Bh3
16.c5 Bxg2 17.Kxg2 a6 18.Rcd1 Qc8 19.Qc2 Kh8 20.b4 Rg8 21.a4 dxc5 22.Bxc5 Qe6
23.Nc1 Bf8 24.Nd3 Bd6 25.Qb2 Rgf8 26.b5 axb5 27.axb5 Nb8 28.b6 Nd7 29.N3f4 Rxf4
30.Nxf4 Rxf4 31.Bxd6 Nxd6 32.gxf4 Nc4 33.bxc7 Qc6 34.Rxd7 Qxd7  1-0

[Event "3rd Int"]
[Site "Torshavn FAI"]
[Date "2000.10.14"]
[Round "9"]
[White "Psakhis,L"]
[Black "Johannessen,LE"]
[Result "1-0"]
[WhiteElo "2611"]
[BlackElo "2422"]

1.d4 e6 2.Nf3 Nf6 3.g3 b6 4.Bg2 Bb7 5.c4 Be7 6.O-O O-O 7.b3 d5 8.cxd5 exd5
9.Nc3 Na6 10.Bb2 c5 11.Rc1 Qd7 12.Ne5 Qe6 13.Nd3 Rfd8 14.e3 Rab8 15.Ne2 Ne4
16.Nef4 Qh6 17.Ne5 Bd6 18.dxc5 bxc5 19.Ng4 Qg5 20.f3 Bc8 21.h4 Qf5 22.Nh6+ gxh6
23.fxe4 dxe4 24.Bh3  1-0

[Event "ch-ISR"]
[Site "Ramat-Aviv/Modiin ISR"]
[Date "2000.12.17"]
[Round "1"]
[White "Postny,E"]
[Black "Psakhis,L"]
[Result "1/2-1/2"]
[WhiteElo "2434"]
[BlackElo "2611"]

1.d4 Nf6 2.c4 e6 3.Nc3 Bb4 4.Qc2 O-O 5.a3 Bxc3+ 6.Qxc3 d6 7.Nf3 Nbd7 8.e3 b6
9.Be2 Bb7 10.O-O Ne4 11.Qc2 f5 12.b4 Rf6 13.d5 exd5 14.Bb2 Rh6 15.cxd5 Bxd5
16.Bc4 Bxc4 17.Qxc4+ Kh8 18.Qf7 Ndf6 19.Rac1 c5 20.Rfd1 Qe8 21.Qb7 Qb8 22.Qe7 Qf8
23.Qb7 Qb8 24.Qe7 Qe8 25.Qb7  1/2-1/2

[Event "ch-ISR"]
[Site "Ramat-Aviv/Modiin ISR"]
[Date "2000.12.18"]
[Round "2"]
[White "Psakhis,L"]
[Black "Finkel,A"]
[Result "1/2-1/2"]
[WhiteElo "2611"]
[BlackElo "2467"]

1.c4 e5 2.Nc3 Nc6 3.Nf3 Nf6 4.g3 Bb4 5.Bg2 O-O 6.O-O Bxc3 7.bxc3 Re8 8.d3 e4
9.Nd4 exd3 10.exd3 Nxd4 11.cxd4 d6 12.Bg5 h6 13.Bf4  1/2-1/2

[Event "ch-ISR"]
[Site "Ramat-Aviv/Modiin ISR"]
[Date "2000.12.19"]
[Round "3"]
[White "Sutovsky,E"]
[Black "Psakhis,L"]
[Result "1/2-1/2"]
[WhiteElo "2609"]
[BlackElo "2611"]

1.e4 e6 2.d4 d5 3.Nd2 c5 4.Ngf3 Nc6 5.exd5 exd5 6.Bb5 Bd6 7.O-O cxd4 8.Re1+ Ne7
9.Nxd4 O-O 10.N2b3 Qc7 11.h3 Ne5 12.Bd3 Bd7 13.Bf4 N7g6 14.Bxg6 hxg6 15.Bxe5 Bxe5
16.Qf3 Qd6 17.Rad1 Rfe8 18.c3 Bc6 19.Qd3 Bf6 20.Nb5 Rxe1+ 21.Rxe1 Qf4 22.N5d4 Re8
23.Rxe8+ Bxe8 24.Qe2 Kf8 25.g3 Qd6 26.h4 Bd8 27.Nf3 Bb6 28.Nbd4 Qe7 29.Qd3 f6
30.Kf1 Kf7 31.h5 gxh5 32.Qh7 Qe4 33.Qxh5+ Kg8 34.Qh3 Bb5+ 35.Nxb5 Qxf3 36.Nd4 Bxd4
37.Qc8+ Kh7 38.cxd4 Qh1+ 39.Ke2 Qe4+ 40.Kf1 b6 41.Qc3 Qb1+ 42.Kg2 Qxa2 43.Qc2+ Kg8
44.Qc8+ Kh7  1/2-1/2

[Event "ch-ISR"]
[Site "Ramat-Aviv/Modiin ISR"]
[Date "2000.12.20"]
[Round "4"]
[White "Psakhis,L"]
[Black "Golod,V"]
[Result "1/2-1/2"]
[WhiteElo "2611"]
[BlackElo "2590"]

1.e4 c5 2.Nf3 e6 3.d4 cxd4 4.Nxd4 Nf6 5.Nc3 d6 6.Be2 a6 7.O-O Be7 8.f4 Qc7
9.Bf3 Nc6 10.Be3 O-O 11.Nxc6 bxc6 12.Na4 e5 13.fxe5 dxe5 14.Qe2 Be6 15.c4 Qa5
16.b3 Nd7 17.Qe1  1/2-1/2

[Event "ch-ISR"]
[Site "Ramat-Aviv/Modiin ISR"]
[Date "2000.12.24"]
[Round "7"]
[White "Roiz,M"]
[Black "Psakhis,L"]
[Result "1/2-1/2"]
[WhiteElo "2440"]
[BlackElo "2611"]

1.d4 e6 2.e4 d5 3.Nd2 c5 4.Ngf3 Nf6 5.e5 Nfd7 6.c3 Nc6 7.Bd3 g6 8.O-O Bg7
9.Re1 O-O 10.h4 cxd4 11.cxd4 f6 12.exf6 Qxf6 13.Nb3 e5 14.dxe5 Ndxe5 15.Be2 d4
16.Bg5 Qf7 17.Nbxd4 Nxd4 18.Nxd4 Qxf2+ 19.Kh1 Nf7 20.Bc4 Qxd4 21.Qb3 Bf5
22.Re7 Kh8 23.Rd1 Qc5 24.Rxf7 Rxf7 25.Bxf7 Be4 26.Bd5  1/2-1/2

[Event "Anibal Open"]
[Site "Anibal Open ESP"]
[Date "2001.01.08"]
[Round "1"]
[White "Psakhis,L"]
[Black "Escobar Forero,A"]
[Result "1/2-1/2"]
[WhiteElo "2611"]
[BlackElo "2382"]

1.d4 Nf6 2.c4 d6 3.Nf3 Nbd7 4.Nc3 e5 5.e4 Be7 6.Be2 O-O 7.O-O c6 8.Be3 Re8
9.d5 cxd5 10.cxd5 a6 11.a4 b6 12.Nd2 Bb7 13.f3 Nh5 14.g3 g6 15.Nc4 Rb8 16.f4 exf4
17.gxf4 Ng7 18.Bf3 Bf8 19.Bd4 Qc7 20.Ne3 Qd8 21.Qe1 Bc8 22.Qg3 Nc5 23.Ra3 f5
24.b4 Nxe4 25.Nxe4 fxe4 26.Bg4 Be7 27.Bxc8 Rxc8 28.f5 Bf6 29.Bxf6 Qxf6 30.fxg6 Qxg6
31.Qxg6 hxg6 32.Rf6 Rc1+ 33.Kg2 Nh5 34.Rxg6+ Kh7 35.Rg4 Re5 36.b5 a5 37.h4 Rc7
38.Ra2 Rc3 39.Re2 Nf6 40.Rf4 Rxe3 41.Rxe3 Nxd5 42.Rexe4 Nxf4+ 43.Rxf4 Re3
44.Kf2 Ra3 45.Ke2 Kg7 46.Kd2 Rh3 47.Kc2 d5 48.Kd2 Kg6 49.Ke2 Ra3 50.Kf2 Kh5
51.Rd4 Kg6 52.Ke2 Rh3 53.Rxd5 Rxh4 54.Rd6+ Kf5 55.Rxb6 Rxa4 56.Kd3 Ke5 57.Kc3 Kd5
58.Kb3 Rb4+ 59.Ka3  1/2-1/2

[Event "Anibal Open"]
[Site "Anibal Open ESP"]
[Date "2001.01.12"]
[Round "5"]
[White "Psakhis,L"]
[Black "Meijers,V"]
[Result "1/2-1/2"]
[WhiteElo "2611"]
[BlackElo "2478"]

1.d4 Nf6 2.c4 e6 3.Nc3 d5 4.cxd5 exd5 5.Bg5 Be7 6.e3 Nbd7 7.Nf3 O-O 8.Qc2 b6
9.Be2 Bb7 10.O-O a6 11.Rac1 Re8 12.Rfd1 Nf8 13.Ne5 N6d7 14.Bxe7 Rxe7 15.Nd3 Ng6
16.b4 Nf6 17.a4 Qd6 18.b5 a5 19.Nb1 Ne4 20.Nd2 Nxd2 21.Rxd2 f6 22.Qb3 Nf8
23.Rdc2 Rae8 24.Rc3 Ne6 25.Bg4 Rf7 26.g3 Ng5 27.Nf4 f5 28.Be2 Ne6 29.Nxe6 Rxe6
30.Bf3 Qd8 31.Qc2  1/2-1/2

[Event "Anibal Open"]
[Site "Anibal Open ESP"]
[Date "2001.01.13"]
[Round "6"]
[White "Franco Ocampos,Z"]
[Black "Psakhis,L"]
[Result "1/2-1/2"]
[WhiteElo "2512"]
[BlackElo "2611"]

1.c4 Nf6 2.g3 e6 3.Bg2 d5 4.Nf3 Be7 5.O-O O-O 6.b3 b6 7.Bb2 Bb7 8.e3 Nbd7
9.Qe2 c5 10.Rd1 Qc7 11.Nc3 Rac8 12.Rac1 Qb8 13.cxd5 Nxd5 14.d4 Nxc3 15.Bxc3 cxd4
16.Nxd4 Nf6 17.Bb2 Qa8 18.Bxb7 Qxb7 19.Qf3 Qxf3 20.Nxf3 Ne4 21.Rd7 Bf6 22.Rxc8 Rxc8
23.Bxf6 gxf6 24.Nd2 Nxd2 25.Rxd2 Rc1+ 26.Kg2 Ra1 27.Kf3 Kf8 28.h4 h5 29.Rc2 Ke8
30.g4 hxg4+ 31.Kxg4 Kf8 32.Kf4  1/2-1/2

[Event "Open"]
[Site "Ubeda ESP"]
[Date "2001.01.21"]
[Round "1"]
[White "Karatorossian,D"]
[Black "Psakhis,L"]
[Result "0-1"]
[WhiteElo "2405"]
[BlackElo "2598"]

1.e4 c5 2.Nf3 e6 3.d4 cxd4 4.Nxd4 Nf6 5.Bd3 Nc6 6.Nxc6 dxc6 7.O-O e5 8.Bg5 h6
9.Bh4 Bc5 10.Nd2 Qe7 11.Nc4 b5 12.Na5 Bb6 13.Nxc6 Qc5 14.Bxf6 gxf6 15.Bxb5 Qxb5
16.Qd6 Qc5 17.Qxf6 O-O 18.Ne7+ Kh7 19.Rad1 Bd8 20.Rxd8 Rxd8 21.Nf5 Qf8  0-1

[Event "Open"]
[Site "Ubeda ESP"]
[Date "2001.01.24"]
[Round "4"]
[White "Psakhis,L"]
[Black "Gaprindashvili,V"]
[Result "1-0"]
[WhiteElo "2598"]
[BlackElo "2482"]

1.d4 Nf6 2.c4 e6 3.Nf3 d5 4.Nc3 Bb4 5.cxd5 exd5 6.Bg5 Qd6 7.Nd2 Ne4 8.Ndxe4 dxe4
9.e3 O-O 10.a3 Bxc3+ 11.bxc3 Qd5 12.Bf4 b5 13.a4 c6 14.Qb1 Bd7 15.Be2 a6
16.O-O g5 17.Bg3 h5 18.c4 Qe6 19.axb5 cxb5 20.cxb5 a5 21.Rc1 h4 22.Be5 h3
23.Qxe4  1-0

[Event "Open"]
[Site "Ubeda ESP"]
[Date "2001.01.26"]
[Round "6"]
[White "Psakhis,L"]
[Black "Riazantsev,A"]
[Result "1/2-1/2"]
[WhiteElo "2598"]
[BlackElo "2485"]

1.e4 e6 2.d4 d5 3.Nd2 Nf6 4.e5 Nfd7 5.c3 c5 6.Bd3 Nc6 7.Ne2 cxd4 8.cxd4 f6
9.exf6 Nxf6 10.Nf3 Bd6 11.O-O Qc7 12.Bg5 O-O 13.Bh4 e5 14.dxe5 Nxe5 15.Nxe5 Bxe5
16.Bg3 Bxg3 17.Nxg3 Qb6 18.Qd2 Bd7 19.h3 Bb5 20.Bxb5 Qxb5 21.Rad1 Rad8 22.Qd4 b6
23.Rc1 Qd7 24.Rfe1 Rfe8 25.f3 Rxe1+ 26.Rxe1 Re8 27.Rxe8+ Qxe8 28.Kf2 Qc6
29.Ne2 Kf7 30.g4 Qc5 31.h4 Nd7 32.Kg3 Qxd4 33.Nxd4 Ne5 34.f4 Nd3 35.b3 g6
36.g5 Nc1 37.a3 Nd3 38.b4 a5 39.bxa5  1/2-1/2

[Event "Open"]
[Site "Ubeda ESP"]
[Date "2001.01.27"]
[Round "7"]
[White "Arizmendi Martinez,J"]
[Black "Psakhis,L"]
[Result "1/2-1/2"]
[WhiteElo "2478"]
[BlackElo "2598"]

1.e4 e6 2.d4 d5 3.Nd2 c5 4.Ngf3 Nf6 5.exd5 exd5 6.Bb5+ Bd7 7.Bxd7+ Nbxd7
8.O-O Be7 9.dxc5 Nxc5 10.Nd4 Qd7 11.N2f3 O-O 12.Re1 Rfe8 13.Bf4 b5  1/2-1/2

[Event "Dos Hermanas Internet KO"]
[Site "ICC INT"]
[Date "2001.04.06"]
[Round "1.2"]
[White "Gonzalez,Re"]
[Black "Psakhis,L"]
[Result "0-1"]
[WhiteElo "2423"]
[BlackElo "2598"]

1.e4 c5 2.Nf3 d6 3.Nc3 a6 4.a4 Nf6 5.d3 g6 6.g3 Bg7 7.Bg2 O-O 8.O-O Nc6 9.h3 Rb8
10.Be3 Nd7 11.Qd2 Nd4 12.Bh6 Nxf3+ 13.Bxf3 Ne5 14.Bg2 Bxh3 15.Bxg7 Kxg7 16.f4 Bxg2
17.Kxg2 Ng4 18.Rh1 e6 19.f5 d5 20.Rh4 h5 21.Rah1 Rh8 22.exd5 exf5 23.d4 c4
24.b3 cxb3 25.cxb3 b5 26.axb5 axb5 27.b4 Re8 28.Re1 Qd7 29.Rhh1 Rec8 30.Re2 Rc4
31.Rhe1 Qd6 32.Re7 h4 33.Qd3 h3+ 34.Kf3 h2 35.R7e5 Nxe5+ 36.dxe5 Qxe5 37.Rxe5 h1=Q+
38.Kf2 Rh8 39.Ne2 Rh2+ 40.Ke3 Qa1 41.Re7 Qf6 42.d6 Qg5+ 43.Kf3 Qg4+ 44.Ke3 Rxe2+
45.Qxe2 Qxg3+ 46.Qf3 Rc3+  0-1

[Event "Dos Hermanas Internet KO"]
[Site "ICC INT"]
[Date "2001.04.07"]
[Round "3.2"]
[White "Sergejev,R"]
[Black "Psakhis,L"]
[Result "1-0"]
[WhiteElo "2349"]
[BlackElo "2598"]

1.Nf3 b6 2.e4 Bb7 3.Nc3 e6 4.d4 Bb4 5.Bd3 Bxc3+ 6.bxc3 d6 7.O-O Nd7 8.Re1 Ne7
9.a4 a5 10.e5 Bxf3 11.Qxf3 dxe5 12.dxe5 Ng6 13.Ba3 c5 14.Rad1 Ra7 15.Bb5 Qc8
16.Qd3 Qc7 17.Qe4 Qc8 18.f4 O-O 19.Rd6 Ne7 20.Red1 Nd5 21.Qf3 Nb8 22.c4 Ne7
23.Rxb6 Nf5 24.c3 Nd7 25.Rc6 Qb8 26.Qd3 h6 27.g4 Nh4 28.Qg3 Ng6 29.Rcd6  1-0

[Event "Dos Hermanas Internet KO"]
[Site "ICC INT"]
[Date "2001.04.07"]
[Round "3.1"]
[White "Psakhis,L"]
[Black "Sergejev,R"]
[Result "0-1"]
[WhiteElo "2598"]
[BlackElo "2349"]

1.e4 c6 2.d4 d5 3.e5 Bf5 4.Nf3 e6 5.Be2 c5 6.Be3 cxd4 7.Nxd4 Ne7 8.c4 Nbc6
9.Nc3 Nxd4 10.Bxd4 dxc4 11.Qa4+ Nc6 12.Bf3 Qd7 13.Bxc6 Qxc6 14.Qxc6+ bxc6
15.O-O-O Be7 16.Na4 Rd8 17.f4 a6 18.Bc5 Bd3 19.Bxe7 Kxe7 20.Rhg1 Rd5 21.Nc3 Rd4
22.g3 h5 23.Kd2 h4 24.Ke3 c5 25.g4 Rhd8 26.Rd2 Bg6 27.Rgd1 Rd3+ 28.Rxd3 cxd3
29.b3 Rd4 30.Rd2 f6 31.h3 fxe5 32.fxe5 a5 33.Kf3 Kd7 34.Ke3 Kc6 35.a3 Rd8
36.Rb2 Rb8 37.Kd2 c4 38.b4 axb4 39.Rxb4 Rf8 40.Rxc4+ Kb6 41.Ke3 Rf1 42.Ne4 Rh1
43.Ng5 Re1+ 44.Kd2 Rxe5 45.Nf3 Re2+ 46.Kd1 Re3 47.Nxh4 Be4 48.a4 g5 49.Rxe4 Rxe4
50.Nf3 Kc5 51.Kd2 Kc4 52.Kd1 Kc3 53.Nd2 Rxa4 54.Nb1+ Kd4 55.Nd2 Ra1+  0-1

[Event "Israel Open Ch"]
[Site "Tel Aviv ISR"]
[Date "2001.04.09"]
[Round "1"]
[White "Psakhis,L"]
[Black "Gratvol,L"]
[Result "1-0"]
[WhiteElo "2575"]
[BlackElo "2239"]

1.e4 c5 2.Nf3 e6 3.d3 Nc6 4.g3 d6 5.Bg2 Nf6 6.O-O Be7 7.Re1 O-O 8.c3 Rb8
9.d4 cxd4 10.cxd4 d5 11.e5 Nd7 12.Nc3 a6 13.h4 b5 14.Ne2 Nb6 15.Nf4 Na4 16.Bf1 f5
17.exf6 Rxf6 18.Bd3 Qf8 19.Qc2 Nb4 20.Bxh7+ Kh8 21.Ng6+ Rxg6 22.Qxg6 Qxf3
23.Bf4  1-0

[Event "Israel Open Ch"]
[Site "Tel Aviv ISR"]
[Date "2001.04.11"]
[Round "3"]
[White "Psakhis,L"]
[Black "Bykhovsky,Av"]
[Result "1/2-1/2"]
[WhiteElo "2575"]
[BlackElo "2420"]

1.e4 c6 2.c4 d5 3.exd5 cxd5 4.d4 Nf6 5.Nc3 e6 6.Nf3 Bb4 7.Bd3 dxc4 8.Bxc4 O-O
9.O-O b6 10.Bg5 Bb7 11.Re1 Nbd7 12.Rc1 Rc8 13.Bd3 Be7 14.Qe2 h6 15.Bd2 Nd5
16.Bb1 Re8 17.Qd3 Nf8 18.Ne5 Bg5 19.Rcd1  1/2-1/2

[Event "Israel Open Ch"]
[Site "Tel Aviv ISR"]
[Date "2001.04.12"]
[Round "4"]
[White "Kudischewitsch,D"]
[Black "Psakhis,L"]
[Result "1/2-1/2"]
[WhiteElo "2373"]
[BlackElo "2575"]

1.e4 c5 2.f4 d5 3.d3 Nc6 4.Qe2 Nf6 5.c3 Bg4 6.Nf3 c4 7.e5 cxd3 8.Qe3 Nd7
9.Bxd3 e6 10.h3 Bxf3 11.Qxf3 Bc5 12.Nd2  1/2-1/2

[Event "Israel Open Ch"]
[Site "Tel Aviv ISR"]
[Date "2001.04.13"]
[Round "5"]
[White "Psakhis,L"]
[Black "Jonkman,H"]
[Result "1/2-1/2"]
[WhiteElo "2575"]
[BlackElo "2410"]

1.c4 e6 2.g3 d5 3.Bg2 dxc4 4.Qa4+ Nd7 5.Qxc4 c5 6.d3 Ngf6 7.Qb3 Bd6 8.Nf3 O-O
9.Nc3 a6 10.a4 Rb8 11.a5 b5 12.axb6 Nxb6 13.O-O Bb7 14.Bg5 c4 15.dxc4 Qc7
16.Bxf6 gxf6 17.Nd2 Bxg2 18.Kxg2 Rfc8 19.Rfc1 Nxc4 20.Qxc4 Qxc4 21.Nxc4 Rxc4
22.Rxa6 Be5 23.Rc2 Rb3 24.Rd2 Rd4 25.Rc2 Rc4 26.Ra4 Rc7 27.Rd2 Rc8 28.Nd1 Rcb8
29.Ra2 f5 30.e3 h5 31.h4 Kg7 32.Kf3 Rc8 33.Ra7 Kg6 34.Ke2 Rc1 35.Ra3 Rxa3
36.bxa3 Ra1 37.Rd3 Bf6 38.Rb3 Be7 39.Nc3 Rxa3 40.Rxa3 Bxa3 41.Nb5 Bb4  1/2-1/2

[Event "Open"]
[Site "Andorra AND"]
[Date "2001.07.01"]
[Round "2"]
[White "Torrecillas Martinez,A"]
[Black "Psakhis,L"]
[Result "0-1"]
[WhiteElo "2380"]
[BlackElo "2575"]

1.e4 c5 2.c3 e6 3.d4 d5 4.exd5 exd5 5.Nf3 a6 6.dxc5 Bxc5 7.Be2 Nf6 8.O-O O-O
9.Bg5 Re8 10.Nbd2 h6 11.Bh4 Nc6 12.Nb3 Ba7 13.Re1 g5 14.Bg3 Ne4 15.Nfd2 Nxg3
16.hxg3 g4 17.Bd3 Rxe1+ 18.Qxe1 h5 19.Nf1 Be6 20.Rd1 Qf6 21.Ne3 Kg7 22.Bb1 h4
23.gxh4 Qxh4 24.Nd4 Nxd4 25.cxd4 Rh8 26.Kf1 Qf6 27.Qd2 g3 28.f3 Rh4 29.Ke2 Bxd4
30.Qd3 Re4 31.Kf1 Bxe3 32.Re1  0-1

[Event "Open"]
[Site "Andorra AND"]
[Date "2001.07.03"]
[Round "4"]
[White "Sofronie,I"]
[Black "Psakhis,L"]
[Result "0-1"]
[WhiteElo "2405"]
[BlackElo "2575"]

1.e4 e6 2.d4 d5 3.e5 c5 4.c3 Nc6 5.Nf3 Bd7 6.a3 c4 7.Bg5 Qb6 8.Qc2 f6 9.Bf4 g5
10.Bg3 g4 11.Ng1 fxe5 12.dxe5 Nge7 13.h3 Nf5 14.Bf4 Bh6 15.hxg4 Bxf4 16.gxf5 exf5
17.Ne2 Bxe5 18.Nd2 O-O-O 19.f4 Bg7 20.O-O-O Ne7 21.Nf3 Qa6 22.Qd2 Kb8 23.Ned4 Nc8
24.Nc2 Ba4 25.Nb4 Qd6 26.Nc2 Qb6 27.Ne5 Nd6 28.Re1 Ne4 29.Rxe4 dxe4 30.Nd4 Qc5
31.Rxh7 Bxe5 32.fxe5 Rxh7  0-1

[Event "Open"]
[Site "Andorra AND"]
[Date "2001.07.07"]
[Round "8"]
[White "Campora,D"]
[Black "Psakhis,L"]
[Result "1/2-1/2"]
[WhiteElo "2503"]
[BlackElo "2575"]

1.e4 e6 2.d4 d5 3.Nc3 Bb4 4.exd5 exd5 5.Nf3 c6 6.Bd3 Ne7 7.O-O Bg4 8.Qe2 Nd7
9.Nd1 Nf8 10.Ne3 Bh5 11.c3  1/2-1/2

[Event "HZ Open"]
[Site "Vlissingen NED"]
[Date "2001.07.29"]
[Round "2"]
[White "Leenhouts,K"]
[Black "Psakhis,L"]
[Result "0-1"]
[WhiteElo "2111"]
[BlackElo "2566"]

1.e4 e6 2.d3 c5 3.Nf3 Nc6 4.g3 g6 5.d4 cxd4 6.Nxd4 a6 7.Bg2 Bg7 8.Nxc6 bxc6
9.Qd6 Qe7 10.Qxe7+ Nxe7 11.O-O Rb8 12.c3 d5 13.exd5 cxd5 14.Nd2 a5 15.Nb3 a4
16.Nd4 Nf5 17.Nc2 O-O 18.a3 Ba6 19.Re1 d4 20.cxd4 Nxd4 21.Nxd4 Bxd4 22.Re4 e5
23.Be3 Bxb2 24.Re1 Bb5 25.Bc5 Rfc8 26.Bd6 Rb6 27.Bh3 Rc2 28.Bxe5 Bxa3 29.Rb1 Bc5
30.Bd4 Bc6 31.Rxb6 Bxb6  0-1

[Event "HZ Open"]
[Site "Vlissingen NED"]
[Date "2001.07.29"]
[Round "3"]
[White "Psakhis,L"]
[Black "Veltkamp,G"]
[Result "1-0"]
[WhiteElo "2566"]
[BlackElo "2209"]

1.Nf3 Nc6 2.e4 e5 3.Bc4 Nf6 4.d3 Bc5 5.c3 a6 6.O-O Ba7 7.Bb3 d6 8.Nbd2 O-O
9.h3 Ne7 10.Re1 Ng6 11.Nf1 c6 12.Ng3 Kh8 13.d4 exd4 14.cxd4 d5 15.Bg5 h6
16.Bxf6 Qxf6 17.exd5 cxd5 18.Bxd5 Nf4 19.Bb3 Be6 20.Ne4 Bxb3 21.Qxb3 Qf5
22.Ng3 Qd7 23.Rad1 Rad8 24.Ne2 Nd5 25.Nc3 Nf4 26.Ne2 Nd5 27.Ne5 Qe7 28.a3 Qc7
29.Qf3 Nf6 30.Rc1 Qb6 31.b4 Kg8 32.Qb3 Rd5 33.Rc5 Qd6 34.Rxd5 Nxd5 35.Rc1 Rd8
36.Qf3 f6 37.Nd3 Bb8 38.g3 Ba7 39.Nc5 Qe7 40.Nc3 Nxc3 41.Qxc3 Qf7 42.Qe3 f5
43.Re1 Kh7 44.Ne6 Rc8 45.Qf3 Qg6 46.Qxb7 Re8 47.Qxa7 Rxe6 48.Rxe6 Qxe6 49.Qb7 f4
50.g4 Qe2 51.Kg2 Qd3 52.Qd5 Qxa3 53.Qe4+ Kh8 54.d5 Qa4 55.Qxf4 a5 56.Qf8+ Kh7
57.Qf5+ Kh8 58.bxa5 Qxa5 59.d6 Qa8+ 60.Qf3 Qe8 61.Qb7 Kh7 62.d7 Qe7 63.Qd5 Qd8
64.Qe4+  1-0

[Event "HZ Open"]
[Site "Vlissingen NED"]
[Date "2001.08.02"]
[Round "7"]
[White "Werner,I"]
[Black "Psakhis,L"]
[Result "1/2-1/2"]
[WhiteElo "2240"]
[BlackElo "2566"]

1.e4 c5 2.c3 e6 3.d4 d5 4.exd5 exd5 5.Be3 cxd4 6.Bxd4 a6 7.Nf3 Nc6 8.Be2 Nxd4
9.Nxd4 Nf6 10.Nd2 Bc5 11.N2b3 Bb6 12.O-O O-O 13.a4 Qd6 14.a5 Bc7 15.g3 Bh3
16.Re1 Rfe8 17.Qd3 g6 18.Bf3 Rad8 19.Rad1 Rxe1+ 20.Rxe1 Nd7 21.Qe3 Ne5 22.Bh1 Nc4
23.Qe7 Nxb2 24.Qxd6 Rxd6 25.Nc5 Kf8 26.Nxb7 Rd7 27.Nc5 Rd6 28.Nb7 Rd7 29.Nc5 Rd8
30.Nb7 Rd7 31.Nc5 Rd8  1/2-1/2

[Event "HZ Open"]
[Site "Vlissingen NED"]
[Date "2001.08.03"]
[Round "8"]
[White "Psakhis,L"]
[Black "Van den Berg,Ad"]
[Result "1-0"]
[WhiteElo "2566"]
[BlackElo "2222"]

1.e4 c5 2.Nf3 g6 3.d4 Bg7 4.d5 d6 5.c4 Qa5+ 6.Nbd2 e5 7.Bd3 Nf6 8.a3 Nbd7
9.O-O O-O 10.Nb1 Nh5 11.Nc3 Nf4 12.Bc2 a6 13.g3 Nh5 14.Bd3 Qd8 15.Bg5 Qe8
16.Be2 Kh8 17.Ne1 Nhf6 18.b4 Ng8 19.Nd3 f6 20.Bd2 b6 21.bxc5 bxc5 22.Rb1 f5
23.Qc1 Ngf6 24.exf5 gxf5 25.f4 Ne4 26.Nxe4 fxe4 27.Nf2 exf4 28.Bxf4 Qg6 29.Kh1 Ne5
30.Qe3 Bf5 31.g4 Nxg4 32.Nxg4 Bxg4 33.Bxg4 Qxg4 34.Bxd6 Rxf1+ 35.Rxf1 Bd4
36.Qg3 Qh5 37.Qf4 Rc8 38.Be7 Qe5 39.Qxe5+ Bxe5 40.d6  1-0

[Event "Open"]
[Site "Andorra AND"]
[Date "2001.08.30"]
[Round "1"]
[White "Psakhis,L"]
[Black "Scholz,F"]
[Result "1-0"]
[WhiteElo "2575"]
[BlackElo "2170"]

1.c4 Nf6 2.Nc3 g6 3.e4 d6 4.d4 Bg7 5.h3 O-O 6.Bg5 c5 7.d5 h6 8.Be3 e6 9.Bd3 Na6
10.Qd2 Kh7 11.Nf3 exd5 12.cxd5 Nc7 13.a4 Re8 14.O-O b6 15.Rfe1 Ba6 16.Bc2 Bb7
17.Bf4 Ng8 18.Rad1 f6 19.Bg3 Qd7 20.Bb1 Rad8 21.Nh4 Ne7 22.Qc2 Kg8 23.e5 fxe5
24.Nxg6 Nxg6 25.Qxg6 Qf7 26.Qh7+ Kf8 27.Re3 Bf6 28.Qxh6+ Qg7 29.Qh5 Qg5 30.Qe2 Bg7
31.Rf3+ Kg8 32.Rf5  1-0

[Event "TCh-ISR"]
[Site "ISR"]
[Date "2002.01.12"]
[Round "1"]
[White "Alterman,B"]
[Black "Psakhis,L"]
[Result "1/2-1/2"]
[WhiteElo "2565"]
[BlackElo "2572"]

1.d4 e6 2.c4 Nf6 3.Nc3 Bb4 4.Qc2 O-O 5.a3 Bxc3+ 6.Qxc3 d6 7.Bg5 Nbd7 8.e3 b6
9.Bd3 c5 10.Ne2 Ba6 11.Qc2 h6 12.Bh4 Rc8 13.Qa4 cxd4 14.exd4 Nb8 15.Rd1 d5
16.cxd5 Bxd3  1/2-1/2

[Event "TCh-ISR"]
[Site "ISR"]
[Date "2002.01.18"]
[Round "2"]
[White "Psakhis,L"]
[Black "Berkovich,M"]
[Result "1/2-1/2"]
[WhiteElo "2572"]
[BlackElo "2421"]

1.Nf3 c5 2.c4 g6 3.d4 cxd4 4.Nxd4 Bg7 5.e4 Nc6 6.Be3 Nf6 7.Nc3 Ng4 8.Qxg4 Nxd4
9.Qd1 e5 10.Bd3 O-O 11.O-O d6 12.Qd2 Be6 13.Rfd1 Rc8 14.b3 a6 15.Rac1 Qa5
16.Nd5 Qxd2 17.Bxd2 Rfe8 18.Be3 Bxd5 19.cxd5 Kf8 20.b4 Ke7 21.a4 Bf6 22.Kf1 Kd7
23.a5 Rxc1 24.Rxc1 Rc8 25.Rxc8 Kxc8 26.Ke1 Bd8 27.f4 Bf6 28.f5 h5 29.fxg6 fxg6
30.Kf2 Bh4+ 31.g3 Bd8 32.h4 Kd7 33.Bf1 Ke8 34.Kg2 Kf7 35.Bd3 g5 36.hxg5 Kg6
37.Bxd4 exd4 38.e5+ Kxg5 39.e6 Kf6 40.Kf3 Ke5 41.Bc4 h4 42.gxh4 Bxh4 43.Ke2 Be7
44.Kd3 Bd8 45.Bb3 Be7 46.Kc4 Bd8 47.Bc2 Be7 48.Bd3 Bd8 49.Bf1 Ke4 50.Be2 Ke5
51.Bh5 Be7 52.Bg4 Ke4 53.Be2 Ke5 54.Bh5 Ke4 55.Bg6+ Ke5 56.b5 axb5+ 57.Kxb5 Bd8
58.Kc4 Kf6  1/2-1/2

[Event "Aeroflot Open"]
[Site "Moscow RUS"]
[Date "2002.02.10"]
[Round "9"]
[White "Psakhis,L"]
[Black "Yemelin,V"]
[Result "1-0"]
[WhiteElo "2572"]
[BlackElo "2522"]

1.d4 Nf6 2.Nf3 e6 3.c4 b6 4.g3 Bb7 5.Bg2 Be7 6.Nc3 Ne4 7.Bd2 Bf6 8.Qc2 Nxd2
9.Qxd2 d6 10.d5 e5 11.h4 h5 12.Bh3 Nd7 13.e4 a5 14.b3 g6 15.O-O Bg7 16.Qe2 Bh6
17.Ne1 O-O 18.a3 Nf6 19.Nd3 Ne8 20.Kh2 Ba6 21.a4 Ng7 22.Qe1 f5 23.f4 exf4
24.Nxf4 Qf6 25.exf5 Rae8 26.Ne4 Qb2+ 27.Rf2 Qxb3 28.f6 Qxc4 29.fxg7 Bxg7
30.Be6+ Rxe6 31.Nxe6 Rxf2+ 32.Nxf2 Be5 33.Rd1 Qxh4+ 34.Nh3 Bf1 35.Ng5 Qg4
36.Rd2 Bxh3 37.Nxh3 h4 38.Kg2 hxg3 39.Qb1 Kg7 40.Qc2 Kh6  1-0

[Event "Petrov Mem Open"]
[Site "St Petersburg RUS"]
[Date "2002.02.12"]
[Round "1"]
[White "Psakhis,L"]
[Black "Bogachkov,I"]
[Result "1/2-1/2"]
[WhiteElo "2572"]
[BlackElo "2348"]

1.c4 Nf6 2.Nc3 g6 3.e4 d6 4.d4 Bg7 5.f3 O-O 6.Bg5 a6 7.Qd2 c6 8.Nge2 b5 9.h4 e5
10.d5 b4 11.Nd1 cxd5 12.cxd5 a5 13.g4 Na6 14.Ng3 Nc5 15.h5 Qe8 16.Qh2 h6
17.Be3 g5 18.Bxc5 dxc5 19.Ne3 Qd8 20.Bb5 Rb8 21.Bc6 Ne8 22.Qc2 Qb6 23.Nc4 Qa6
24.Rc1 Nc7 25.Qa4 Nb5 26.Qxa5 Nd4 27.Qxa6 Bxa6 28.Nf5 Nxf3+ 29.Kf2 Bxc4 30.Kxf3 Bxa2
31.Rxc5 Rfd8 32.Ra1 Bf8 33.Rcc1 b3 34.Rc4 Ba3 35.Ra4 Bxb2 36.R1xa2 bxa2 37.Rxa2 Rb3+
38.Ke2 Ba3 39.Nxh6+ Kf8 40.Nf5 Rh3 41.Kf1 Rb8 42.Kg2 Rhb3 43.Rc2 Rb2 44.Rxb2 Rxb2+
45.Kf3 Bc5 46.h6 Kg8 47.d6 Kh7 48.d7 Rb8 49.Ke2 Bf8 50.Bb7 Rd8 51.Bc8 Bxh6
52.Ne7 Bg7 53.Nc6 Bf6 54.Nxd8 Bxd8 55.Kd3 Kg7 56.Kc4 f6 57.Kd5 Kf7 58.Kd6 Ba5
59.Ba6 Bb4+ 60.Kd5 Ke7 61.d8=N Kxd8 62.Ke6  1/2-1/2

[Event "Petrov Mem Open"]
[Site "St Petersburg RUS"]
[Date "2002.02.13"]
[Round "2"]
[White "Torbin,K"]
[Black "Psakhis,L"]
[Result "1/2-1/2"]
[WhiteElo "2337"]
[BlackElo "2572"]

1.Nf3 Nf6 2.c4 e6 3.g3 a6 4.Bg2 b5 5.Ne5 c6 6.d4 bxc4 7.Nxc4 d5 8.Ne5 Bd6
9.Nd3 Qb6 10.e3 a5 11.Nc3 Nbd7 12.O-O Ba6 13.Re1 O-O 14.b3 Bb5 15.Rb1 Rfb8
16.Bb2 Bf8 17.Bf1 Ne4 18.Nxb5 cxb5 19.Rc1 Rc8 20.f3 Nd6 21.Qd2 b4 22.Rxc8 Rxc8
23.Rc1  1/2-1/2

[Event "Petrov Mem Open"]
[Site "St Petersburg RUS"]
[Date "2002.02.19"]
[Round "8"]
[White "Psakhis,L"]
[Black "Kuznetsov,Vi2"]
[Result "1-0"]
[WhiteElo "2572"]
[BlackElo "2367"]

1.c4 Nf6 2.Nc3 g6 3.e4 d6 4.d4 Bg7 5.h3 O-O 6.Bg5 Na6 7.Bd3 e5 8.d5 c6 9.Nge2 cxd5
10.cxd5 Nc5 11.Bc2 a5 12.a3 a4 13.O-O Bd7 14.Kh1 Qb6 15.Rb1 Rfc8 16.f4 exf4
17.Nxf4 Ne8 18.Qf3 Nc7 19.Nh5 gxh5 20.Qxh5 Be8 21.Bf6 Bxf6 22.Rxf6 Nd7 23.e5 Nxe5
24.Qxh7+ Kf8 25.Qh8+ Ke7 26.Qh4 Kf8 27.Rh6  1-0

[Event "Petrov Mem Open"]
[Site "St Petersburg RUS"]
[Date "2002.02.20"]
[Round "9"]
[White "Dzhakaev,D"]
[Black "Psakhis,L"]
[Result "0-1"]
[WhiteElo "2424"]
[BlackElo "2572"]

1.e4 e6 2.d4 d5 3.exd5 exd5 4.Nf3 Nc6 5.c3 Bd6 6.Bb5 Ne7 7.O-O O-O 8.Bg5 f6
9.Bh4 Nf5 10.Bg3 Nxg3 11.hxg3 Ne7 12.Nbd2 Be6 13.Bd3 c6 14.Re1 Qd7 15.a4 a5
16.Qc2 g6 17.Re2 Bf7 18.Rae1 Rae8 19.Qb3 Kg7 20.Qb6 Ra8 21.Nf1 Ng8 22.Ne3 Nh6
23.g4 Bf4 24.g5 Bxg5 25.Nxg5 fxg5 26.c4 Rfb8 27.cxd5 cxd5 28.Rc2 Qxa4 29.Rc7 Rd8
30.Rxb7 Rac8 31.Nc2 Qc6 32.Ree7 Qxb6 33.Rxb6 Rb8 34.Rbb7 Rxb7 35.Rxb7 Ng4
36.f3 Nf6 37.Na3 g4 38.Nb5 g3 39.Kf1 Nh5  0-1